1989 (Taylor’s Version): All Songs - Statistics

General Stats
  • This quiz has been taken 37 times
  • The average score is 16 of 22
Answer Stats
Track No. 1989 (Taylor’s Version) % Correct
1 Welcome to New York
100%
2 Blank Space
95%
6 Shake It Off
91%
3 Style
91%
19 Now That We Don’t Talk
86%
17 Sl**
86%
11 This Love
86%
9 Wildest Dreams
86%
13 Clean
82%
4 Out of the Woods
82%
21 Is It Over Now?
77%
15 You Are in Love
77%
14 Wonderland
73%
8 Bad Blood
68%
10 How You Get the Girl
68%
16 New Romantics
68%
5 All You Had to Do Was Stay
64%
20 Suburban Legends
64%
12 I Know Places
59%
7 I Wish You Would
59%
18 Say Don’t Go
55%
22 Sweeter Than Fiction
27%
No matching quizzes found
Score Distribution
Percent of People with Each Score
Percentile by Number Answered
Your Score History
You have not taken this quiz